| 000 | 00725nam a2200241 a 4500 | ||
|---|---|---|---|
| 005 | 20210219152910.0 | ||
| 008 | 991125n 000 0 eng u | ||
| 035 | _aUPN01000066252 | ||
| 100 | _aStock, William A. | ||
| 222 | _aJOURNAL OF EDUCATIONAL STATISTICS | ||
| 245 | _aBox, line, and midgap plots : effects of display characteristics on the accuracy and bias of estimates of whisker length | ||
| 300 | _a1-20 | ||
| 362 | _a1991 16, No. 1 | ||
| 505 | _aJulio 1991 | ||
| 653 | 0 | _aAYUDAS ESTADISTICAS | |
| 653 | 0 | _aDIAGRAMAS | |
| 653 | 0 | _aESTIMULOS PICTORICOS | |
| 653 | 0 | _aESTUDIANTES NO GRADUADOS | |
| 653 | 0 | _aSPATIAL ABILITY | |
| 700 | _aBehrens, John T. | ||
| 904 |
_aAC _b004063 |
||
| 905 | _aArticulo | ||
| 999 |
_c63395 _d63395 |
||